000 00778nam a2200169Ia 4500
005 20250423100828.0
008 250422s9999 xx 000 0 und d
020 _a9780329714505
050 _aPZ 7 .B79/
100 _aBryant, Jennifer.
245 0 _aRingside, 1925 : views from the Scopes trial : a novel
260 _aNew York
260 _c2008
300 _a228 p
650 _aScopes, John Thomas--Trials, litigation, etc.--Juvenile fiction. Scopes, John Thomas--Trials, litigation, etc.--Fiction. Evolution (Biology)--Study and teaching--Law and legislation--Tennessee--Juvenile fiction. Evolution--Study and teaching--Law and legislation--Fiction. Community life--Tennessee--Fiction. Novels in verse. Dayton (Tenn.)--History--20th century--Fiction.
942 _cBK
999 _c34461
_d34461